| 000 | 00854 a2200217 4500 | ||
|---|---|---|---|
| 010 | _aENG-89115 | ||
| 020 |
_a8124603154 _c580.00 |
||
| 035 | _aEN-72648 | ||
| 037 | _bDBAD / PUB | ||
| 082 | 1 | 4 | _a240 |
| 090 |
_c10313 _d10313 |
||
| 100 | 1 | _aChavan, S.P. | |
| 245 | 1 |
_aJainism in Southern Karnataka (up to AD 1565) / _cby S.P. Chavan |
|
| 260 |
_bD.K Printworld _c2005 _aNew Delhi |
||
| 270 |
_a'Sri Kunj ', F-52. Bali Nnager Ramesh Nager Metro Station _bNew Delhi _e110015 _k011-25453975, 011-25466019 _l01125465926 _mdkprintworld@vsnl.net |
||
| 300 |
_axx, 223p.: _c23cm (Hb ) _bmap, col. photos |
||
| 500 | _aIncludes bibliographical references and index | ||
| 650 |
_aJainism _xHistory _yKarnataka _zIndia |
||
| 942 |
_adpl _cEN _k240 / CHA |
||
| 999 |
_c10057 _d10057 |
||